ARRUPE JESUIT UNIVERSITY

CORONAVIRUS -STOP THE SPREAD - CLEAN,DISINFECT,COVER

The politics of the family, and other essays / (Record no. 121249)

MARC details
000 -LEADER
fixed length control field 00876cam a2200289 i 4500
001 - CONTROL NUMBER
control field 4616147
003 - CONTROL NUMBER IDENTIFIER
control field ARRUPE
005 - DATE AND TIME OF LATEST TRANSACTION
control field 20141114124254.0
008 - FIXED-LENGTH DATA ELEMENTS--GENERAL INFORMATION
fixed length control field 770310s1976 enk b 001 0 eng
010 ## - LIBRARY OF CONGRESS CONTROL NUMBER
LC control number 77352002
015 ## - NATIONAL BIBLIOGRAPHY NUMBER
National bibliography number GB76-12382
020 ## - INTERNATIONAL STANDARD BOOK NUMBER
International Standard Book Number 0140219161 :
Terms of availability £0.50
040 ## - CATALOGING SOURCE
Original cataloging agency DLC
Transcribing agency DLC
Modifying agency DLC
050 00 - LIBRARY OF CONGRESS CALL NUMBER
Classification number HQ728
Item number .L335 1976
082 00 - DEWEY DECIMAL CLASSIFICATION NUMBER
Classification number 301.42/7/08
300 ## - PHYSICAL DESCRIPTION
Dimensions 18 cm.
100 1# - MAIN ENTRY--PERSONAL NAME
Personal name Laing, R. D.
Fuller form of name (Ronald David),
Dates associated with a name 1927-1989.
9 (RLIN) 12661
245 14 - TITLE STATEMENT
Title The politics of the family, and other essays /
Statement of responsibility, etc R. D. Laing.
260 ## - PUBLICATION, DISTRIBUTION, ETC. (IMPRINT)
Place of publication, distribution, etc Harmondsworth :
Name of publisher, distributor, etc Penguin,
Date of publication, distribution, etc 1976.
300 ## - PHYSICAL DESCRIPTION
Extent x, 119 p. ;
490 0# - SERIES STATEMENT
Series statement Pelican books
500 ## - GENERAL NOTE
General note Includes index.
504 ## - BIBLIOGRAPHY, ETC. NOTE
Bibliography, etc Bibliography: p. [112]-114.
650 #0 - SUBJECT ADDED ENTRY--TOPICAL TERM
Topical term or geographic name as entry element Families.
9 (RLIN) 12662
650 #0 - SUBJECT ADDED ENTRY--TOPICAL TERM
Topical term or geographic name as entry element Mentally ill
General subdivision Family relationships.
9 (RLIN) 12663
906 ## - LOCAL DATA ELEMENT F, LDF (RLIN)
a 7
b cbc
c orignew
d 3
e ncip
f 19
g y-gencatlg
942 ## - ADDED ENTRY ELEMENTS (KOHA)
Source of classification or shelving scheme Library of Congress Classification
Koha item type Monograph ( Printed materials)
Holdings
Withdrawn status Lost status Source of classification or shelving scheme Damaged status Not for loan Collection code Home library Current library Shelving location Date acquired Total Checkouts Full call number Barcode Date last seen Price effective from Koha item type
    Library of Congress Classification     Main Collection ARRUPE LIBRARY ARRUPE LIBRARY Main Collection 14/11/2014   HQ728 .L335 1976 46500003670 09/05/2018 14/11/2014 Monograph ( Printed materials)

 

Arrupe Library. PO Box MP320 Mt Pleasant, Harare, Zimbabwe
263 242 745411|librarian@aju.ac.zw